Гайхамшигт шинжлэх ухаан (Бичлэгийн дугаар. 877902)
[ энгийн харах ]
| 000 -Удирдлага | |
|---|---|
| Ном зүйн бүртгэл тоо буюу кодлох утгыг агуулсан | 00848 a2200217 4500 |
| 008 - ЕРӨНХИЙ МЭДЭЭЛЭЛ-ЭЛЕМЕНТҮҮДИЙН ӨГӨГДЛИЙН УРТ | |
| fixed length control field | 240605b mp ||||| |||| 00| 0 mon d |
| 020 ## - ОЛОН УЛСЫН СТАНДАРТ НОМЫН ДУГААР-ISBN | |
| Олон Улсын Стандарт Номын Дугаар | 978-99973-1-119-1 |
| 035 ## - СИСТЕМИЙН ХЯНАЛТЫН ДУГААР | |
| Системийн хяналтын дугаар | 5565 |
| 040 ## - ЭХ СУРВАЛЖИЙГ ТОДОРХОЙЛОН БИЧИХ | |
| Анхны каталогийн байгууллага | HE0623081 |
| Каталогийн хэл | Монгол |
| Бичлэг хийж нэвтрүүлэх байгууллага | MN-UlNLM |
| Өөрчлүүлэх байгууллага | MN-UlNLM |
| Бичиглэлийн тодорхойлолт | rda |
| 041 ## - ХЭЛНИЙ КОД | |
| Текстийн хэлний код/фонограм буюу салангид гарчиг | Монгол |
| 042 ## - AUTHENTICATION CODE | |
| Authentication code | 9447 |
| 084 ## - БУСАД АНГИЛЛЫН ДУГААР | |
| Ангиллын нэр | Номын сан номзүйн ангилал |
| Анги | 87.22 |
| Зохиогчийн 3-н тэмдэгт | Г.185 |
| 245 #0 - ҮНДСЭН ГАРЧИГ | |
| Гарчиг | Гайхамшигт шинжлэх ухаан |
| 264 ## - ГАРАЛТЫН МЭДЭЭ | |
| Хэвлэгдсэн газар | УБ. |
| Бүтээгч, хэвлэгч, түгээгч, үйлдвэрлэгчийн нэр | Монсудар хэвлэлийн газар |
| Хэвлэгдсэн он | 2014 |
| 300 ## - ТООНЫ МЭДЭЭ | |
| Хуудасны тоо | 31х. |
| 336 ## - АГУУЛГЫН ТӨРӨЛ | |
| Нөөц | rdacontent |
| Агуулгын төрлийн нөхцөл | text |
| Агуулгын төрлийн код | txt |
| 337 ## - MEDIA TYPE | |
| Эх сурвалж | rdamedia |
| Файлын төрөл | unmediated |
| Файлын код | n |
| 338 ## - CARRIER TYPE | |
| Source | rdacarrier |
| Carrier type term | volume |
| Carrier type code | nc |
| 650 ## - Сэдэв | |
| Сэдэв | Энэ бол шинжлэх ухаан, гэвч чиний мэддэгээс тэс өөр. Үсрэх, цохих, эргэх, гүйх чиний хөдөлгөөн хүч, гэрэл, соронз, молекулууд гэ... |
| 942 ## - ЭЛЕМЕНТИЙН ТӨРӨЛ | |
| Анги | Номын сан номзүйн ангилал |
| Төрөл | Ном |
| Буцаан татагдсан төлөв | Хасагдсан шалтгаан | Гэмтсэн төлөв | Данс заагч | Захиалах боломжгүй | Үндсэн номын сан | Одоогийн байршил | Салбар танхим | Салбар танхим | Бүртгэсэн огноо | Тавиурын заалт | Баркод | Үнэ | Хамгийн сүүлд байсан огноо | Нийт уншлаганд гарсан тоо | Дансны дугаар | Төрөл |
|---|---|---|---|---|---|---|---|---|---|---|---|---|---|---|---|---|
| Хэнтий | Хэнтий | Хэнтий | Хүүхдийн уншлагын танхим | Хэнтий | Хүүхдийн уншлагын танхим | 2024-06-12 | 87.22 Г.185 | HE0625565-3-1 | 15000.00 | 2024-06-12 | 13090 | Ном |